000 00656nam a2200265Ia 4500
005 20260121171553.0
008 008 260114s9999 xx 000 0 eng d
020 _a9783030343002
037 _aEBOOK
040 _aCRL
040 _beng
040 _cCRL
041 _2eng
041 _aeng
084 _qCRL
100 _aThomas Afflerbach
_91077849
245 0 _aHybrid Virtual Teams in Shared Services Organizations
260 _bSpringer
260 _bSpringer
260 _c2020
856 _uhttps://link.springer.com/openurl?genre=book&isbn=978-3-030-34300-2
942 _cEBOOK
999 _c1643580
_d1643580